|
|
|
|
| LEADER |
01037nam a2200265 a 4500 |
| 001 |
1281 |
| 003 |
BD-DhAAL |
| 008 |
100125s1971 caua bs 001 0 eng d |
| 999 |
|
|
|c 7167
|d 7167
|
| 010 |
|
|
|a 70141154
|
| 020 |
|
|
|a 0716709317
|
| 040 |
|
|
|a DLC
|c DLC
|d DLC
|d DB-DhAAL
|
| 082 |
0 |
0 |
|a 301.32072
|
| 100 |
1 |
|
|a Keyfitz, Nathan,
|d 1913-
|9 40519
|
| 245 |
1 |
0 |
|a Population :
|b facts and methods of demography /
|c by Nathan Keyfitz, Wilhelm Flieger.
|
| 260 |
|
|
|a San Francisco :
|b W. H. Freeman,
|c 1971
|
| 300 |
|
|
|a x, 613 pages :
|b illustrations ;
|c 25 cm.
|
| 504 |
|
|
|a Includes bibliographical references (pages [607]-609) and index.
|
| 541 |
1 |
|
|e 00001281
|
| 650 |
|
0 |
|a Demography
|x Mathematical models.
|9 40520
|
| 650 |
|
0 |
|a Population
|x Statistics.
|9 40521
|
| 700 |
1 |
|
|a Flieger, Wilhelm,
|e joint author.
|9 40522
|
| 852 |
4 |
|
|a Ayesha Abed Library
|j General Stacks
|
| 942 |
|
|
|2 ddc
|c BK
|
| 952 |
|
|
|0 0
|1 0
|2 ddc
|4 0
|6 301_320720000000000_KEY_1971
|7 0
|9 7453
|a BRACUL
|b BRACUL
|c GEN
|d 2010-01-25
|g 2520.00
|l 0
|o 301.32072 KEY
|p 3010001281
|r 2010-01-25
|t 1
|w 2010-01-25
|y BK
|